[Event "Terrassa op-B"]
[Site "Terrassa"]
[Date "1996.??.??"]
[Round "4"]
[White "Tevar Teve, D."]
[Black "Alonso Moyano, Jonathan"]
[Result "1-0"]
[WhiteElo "1990"]
[BlackElo "2100"]
[PlyCount "35"]
[EventDate "1996.07.??"]
[EventType "swiss"]
[EventRounds "9"]
[EventCountry "ESP"]
[SourceTitle "EXT 2002"]
[Source "ChessBase"]
[SourceDate "2001.11.25"]
[SourceVersion "1"]
[SourceVersionDate "2001.11.25"]
[SourceQuality "1"]

1. f4 e5 2. e4 exf4 3. Nf3 Be7 4. h4 Nf6 5. Nc3 Nh5 6. Bc4 Ng3 7. Rh2 d6 8. d4 Bg4 9. Bxf4 Nh5 10. Bg5 f6 11. Be3 f5 12. exf5 Bxh4+ 13. Rxh4 Bxf3 14. Re4+ Bxe4 15. Qxh5+ g6 16. Qh6 Bxf5 17. Bg5 Qd7 18. 0-0-0 1-0